000 01176nam a2200313Ia 4500
001 ebr10257671
003 CaPaEBR
006 m u
007 cr cn|||||||||
008 080708s2008 inua sb 001 0 eng d
020 _z9780470344026 (pbk.)
020 _z0470344024 (pbk.)
040 _aCaPaEBR
_cCaPaEBR
035 _a(OCoLC)298281923
050 1 4 _aHF5414
_b.E93 2008eb
100 1 _aEvans, Dave,
_d1956-
245 1 0 _aSocial media marketing
_h[electronic resource] :
_ban hour a day /
_cDave Evans.
260 _aIndianapolis, Ind. :
_bWiley,
_cc2008.
300 _axxii, 409 p. :
_bill.
490 1 _aSerious skills
504 _aIncludes bibliographical references and index.
533 _aElectronic reproduction.
_bPalo Alto, Calif. :
_cebrary,
_d2011.
_nAvailable via World Wide Web.
_nAccess may be limited to ebrary affiliated libraries.
650 0 _aSocial media
_xMarketing.
650 0 _aSocial marketing.
655 7 _aElectronic books.
_2local
710 2 _aebrary, Inc.
830 0 _aSerious skills.
856 4 0 _uhttp://site.ebrary.com/lib/rucke/Doc?id=10257671
_zAn electronic book accessible through the World Wide Web; click to view
999 _c32080
_d32080